Голубая звезда: пер. с фр.

Библиографические подробности
Главный автор: Бенцони Ж. Жюльетта
Примечания:Страсть к приключениям толкает венецианского князя Альдо Морозини на авантюру. Он ищет четыре драгоценных камня, украденных из храма неизвестными аристократами. Один из камней, знаменитый сапфир "Голубая звезда", странным образом связывает его судьбу с судьбой юной пани Анельки, девушки такой загадочной и такой прекрасной, что она надолго станет для Альдо заветной мечтой. Князь подозревает, что отец Анельки, граф Солманский, замешан в краже легендарных драгоценностей, и, несмотря на любовь к его дочери, Альдо должен найти этому доказательства...
Язык:русский
Опубликовано: Москва, Эксмо, 2013
Серии:Камея. Коллекция историй о любви
Предметы:
Формат: MixedMaterials Книга
Запись в KOHA:https://koha.lib.tpu.ru/cgi-bin/koha/opac-detail.pl?biblionumber=256737

MARC

LEADER 00000nam0a2200000 4500
001 256737
005 20231101233136.0
010 |a 9785699650965 
035 |a (RuTPU)RU\TPU\book\279474 
090 |a 256737 
100 |a 20140411d2013 m y0rusy50 ca 
101 1 |a rus  |c fre 
102 |a RU 
105 |a y z 000ay 
200 1 |a Голубая звезда  |e пер. с фр.  |f Ж. Бенцони 
210 |a Москва  |c Эксмо  |d 2013 
215 |a 444 с. 
225 1 |a Камея. Коллекция историй о любви 
330 |a Страсть к приключениям толкает венецианского князя Альдо Морозини на авантюру. Он ищет четыре драгоценных камня, украденных из храма неизвестными аристократами. Один из камней, знаменитый сапфир "Голубая звезда", странным образом связывает его судьбу с судьбой юной пани Анельки, девушки такой загадочной и такой прекрасной, что она надолго станет для Альдо заветной мечтой. Князь подозревает, что отец Анельки, граф Солманский, замешан в краже легендарных драгоценностей, и, несмотря на любовь к его дочери, Альдо должен найти этому доказательства... 
606 1 |a Французская литература  |x Произведения  |2 stltpush  |3 (RuTPU)RU\TPU\subj\64346  |9 81252 
610 1 |a романы 
610 1 |a любовь 
675 |a 84  |v 3 
700 1 |a Бенцони  |b Ж.  |g Жюльетта 
801 1 |a RU  |b 63413507  |c 20140411 
801 2 |a RU  |b 63413507  |c 20140707  |g RCR 
942 |c BK 
959 |a 68/20140410  |d 1  |e 267,30  |f ХФ:1